zpět

Detail výsledku týmu

Pórajt pub, Plzeň

Datum a čas kvízu

20 Celkem bodů Celkový počet nahraných bodů na tomto kvízu bez doplňovacích otázek.
8. Pořadí na kvízu Konečné umístění týmu na tomto kvízu.

Zaznamenané odpovědi

# Otázka Odpověď Body Výsledky
1. V neděli proběhly v pražské zo... D) luskoun 0
2. Minulý týden jsme se dozvěděli... Kousl ji kůň. 1
3. Jubilejní 50. ročník tradičníh... Letní filmová škola 0
4. Ve kterém českém krajském měst... v Plzni 0
5. Po pouhých dvou kolech nové li... František Straka 1
6. Jak se označuje tento druh těs... tarhoňa 0
7. V souvislosti s rýží a jejím v... arsen 0
8. Nyní se zaměříme naopak na lát... pohanka 0
9. Zobrazený tenký měkký chléb je... lavaš 0
10. Pod kterým jednoslovným názvem... quinoa 1